| 000 | 00920nam a2200277Ia 4500 | ||
|---|---|---|---|
| 005 | 20220307160302.0 | ||
| 008 | 210427s2019 xx 000 0 und d | ||
| 020 | _a9788194244769 | ||
| 040 | _cAIMIT LIBRARY | ||
| 041 | _aeng | ||
| 082 |
_a336.242 _21 _bPERT |
||
| 100 |
_aPereira, Therese _923013 |
||
| 245 |
_aGoods and service tax and customs duty : _banalytical approach / _cBy Dr. Therese Pereira...[et.al.] |
||
| 250 | _a1st ed. | ||
| 260 |
_aMangaluru : _bLouis Publications , _c2019. |
||
| 300 |
_avi,243p. ; _c24 cm. |
||
| 650 |
_aGoods and Service Tax. _923033 |
||
| 650 |
_aCustoms Duty. _923034 |
||
| 650 |
_aGoods and Services Tax Act 2017. _923035 |
||
| 700 |
_aAmbrose, Louis Manoj. _923014 |
||
| 700 |
_aRodrigues, Coline Oswald _923015 |
||
| 700 |
_aTauro, Manuel _923016 |
||
| 700 |
_aAmbrose, Louis Manoj. _923039 |
||
| 906 | _aRegistration under GST | ||
| 942 |
_2ddc _cBK _e1st _k336.242 PERT |
||
| 999 |
_c176733 _d176733 |
||